[Event "Grangemouth op2"]
[Site "Grangemouth"]
[Date "2000.??.??"]
[Round "?"]
[White "Will, Douglas"]
[Black "Brown, Stuart C"]
[Result "1-0"]
[WhiteElo "2055"]
[BlackElo "2250"]
[PlyCount "109"]
[EventDate "2000.??.??"]
[EventType "swiss"]
[EventRounds "4"]
[EventCountry "SCO"]
[SourceTitle "EXT 2003"]
[Source "ChessBase"]
[SourceDate "2002.11.25"]
[SourceVersion "1"]
[SourceVersionDate "2002.11.25"]
[SourceQuality "1"]

1. e4 c5 2. Nc3 Nc6 3. f4 g6 4. Nf3 Bg7 5. Bc4 d6 6. 0-0 Nf6 7. d3 e6 8. f5 0-0 9. fxg6 fxg6 10. Bg5 a6 11. a4 b6 12. Qe1 h6 13. Qh4 hxg5 14. Nxg5 Ra7 15. Nxe6 Bxe6 16. Bxe6+ Raf7 17. Rae1 Qe7 18. Bxf7+ Rxf7 19. Qh3 Ne5 20. Qc8+ Kh7 21. Ne2 Neg4 22. Nf4 Qe5 23. c3 g5 24. h3 gxf4 25. hxg4 Qg5 26. Qc6 Rf8 27. Qxd6 Nxg4 28. Rf3 Rf6 29. Rh3+ Nh6 30. Qd5 Qg4 31. e5 Rg6 32. Qf3 Qe6 33. d4 cxd4 34. cxd4 Qc4 35. Qxf4 Qxa4 36. Qe4 Qd7 37. Rg3 Qf5 38. Rxg6 Kxg6 39. e6 Qxe4 40. Rxe4 Nf5 41. e7 Nxe7 42. Rxe7 Bxd4+ 43. Kf1 a5 44. b3 Kf6 45. Rb7 Ke5 46. Ke2 Kd5 47. Kd3 Bc5 48. g4 Kc6 49. Ra7 Kb5 50. g5 Kb4 51. Kc2 b5 52. Rc7 Bd6 53. Rd7 Be5 54. g6 a4 55. bxa4 1-0